000 00936cab a2200277 4500
001 ABS54123
008 090401t1995 xxu||||| |||| 00| 0 eng d
035 _a(Sirsi) u8676
041 _aeng
100 _aSlavid, R.
245 _aSmall paths out of the trough
260 _c1995
350 _a0
490 _aArchitects` Journal
_v202(24) 21 December 1995, 39-42(4)
520 _aA workload survey of architects for 3Q 1995. Investigates involvement in design and build, sector trends, regional trends, new commissions, new build vs refurbishment, staffing levels, and confidence levels for the next six months.
650 _aARCHITECTS
650 _aCOMMISSIONS
650 _aDESIGN AND BUILD
650 _aFUTURE
650 _aPRIVATE HOUSING
650 _aBUILT ENVIRONMENT-BUILDING MAINTENANCE AND REFURBISHMENT
650 _aWORKLOAD SURVEY
690 _aBUILT ENVIRONMENT
942 _n0
948 _c04/03/1997
999 _c5378
_d5378